Statistics for Biggest Trading Partners - Netherlands

Click here to take the quiz!

General Stats

  • This quiz has been taken 560 times
  • The average score is 18 of 21

Answer Stats

exports imports country % Correct
127 bil75.0 bilGermany
100%
50.8 bil24.5 bilUnited Kingdom
99%
20.0 bil39.0 bilUnited States
99%
58.9 bil42.0 bilBelgium
98%
48.3 bil17.7 bilFrance
97%
17.3 bil8.79 bilSpain
97%
11.5 bil77.3 bilChina
97%
22.0 bil10.3 bilItaly
95%
13.4 bil9.02 bilPoland
94%
12.4 bil7.79 bilSweden
93%
18.4 bilRussia
92%
8.71 bilNorway
92%
11.0 bilJapan
89%
7.47 bilDenmark
86%
7.05 bilSwitzerland
85%
7.06 bilAustria
84%
6.52 bilIreland
81%
6.57 bilBrazil
79%
5.93 bilTurkey
78%
9.53 bil5.98 bilCzechia
62%
5.55 bilSingapore
41%

Score Distribution

Percentile by Number Answered

Percent of People with Each Score

Your Score History

You have not taken this quiz